000
00312nam a22001457a 4500
020
_a
81-8204-032-9
082
_a
658
_b
SIN
100
_a
SINGH, R.K
245
_a
EVENTS MANAGEMENT
260
_a
DELHI
_b
AMAN PUBLISHER
_c
2014
300
_a
286
650
_a
EVENT MANAGEMENT
653
_a
EVENT
942
_2
ddc
_c
BK
999
_c
8089
_d
8089